Movie characters and their based country - Statistics

General Stats
  • This quiz has been taken 32 times
  • The average score is 11 of 15
Answer Stats
Characters Country % Correct
James Bond United Kingdom
100%
Jason Bourne United States
96%
Saito Japan
92%
Miguel Mexico
88%
Ivan Vasilyevich Drago Russia
88%
Waymond Wang China
85%
Fleur Delacour France
85%
Mowgli India
85%
Vito Corleone Italy
85%
Hans Landa Austria
65%
Elektra Greece
58%
Laura Biel Poland
42%
Ra's al Ghul Saudi Arabia
42%
John Wick Belarus
23%
Luke Hobbs Samoa
23%
No matching quizzes found
Score Distribution
Percent of People with Each Score
Percentile by Number Answered
Your Score History
You have not taken this quiz